| 000 | 00465nam a2200181Ia 4500 | ||
|---|---|---|---|
| 008 | 170705s9999 xx 000 0 und d | ||
| 020 | _a590262653 | ||
| 245 | _aWe play on a rainy day / | ||
| 245 | _cAngela Shelf Medearis ; illustrated by Sylvia Walker. | ||
| 260 | _aNew York : | ||
| 260 | _bScholastic, | ||
| 260 | _c1995 | ||
| 300 | _aunpaged : | ||
| 300 | _bcolor illustration ; | ||
| 300 | _c23cm. | ||
| 440 | _aHello reader level 1. | ||
| 500 | _aBR | ||
| 999 |
_c335296 _d335296 |
||